Read two success Python Programming (Record no. 228494)

MARC details
000 -LEADER
fixed length control field 01015nam a22002657a 4500
005 - DATE AND TIME OF LATEST TRANSACTION
control field 20240307153416.0
008 - FIXED-LENGTH DATA ELEMENTS--GENERAL INFORMATION
fixed length control field 230824b ||||| |||| 00| 0 eng d
020 ## - INTERNATIONAL STANDARD BOOK NUMBER
International Standard Book Number 5551234120660
040 ## - CATALOGING SOURCE
Transcribing agency AL
041 ## - LANGUAGE CODE
Language code of text/sound track or separate title eng
082 ## - DEWEY DECIMAL CLASSIFICATION NUMBER
Edition number 23
Classification number 005.133
Item number BHAR
100 ## - MAIN ENTRY--PERSONAL NAME
Personal name Sushil Bhardwaj
100 ## - MAIN ENTRY--PERSONAL NAME
9 (RLIN) 153505
245 ## - TITLE STATEMENT
Title Read two success Python Programming
260 ## - PUBLICATION, DISTRIBUTION, ETC.
Place of publication, distribution, etc. Ludhiana
Name of publisher, distributor, etc. Kalyani Publishers
Date of publication, distribution, etc. 2023
300 ## - PHYSICAL DESCRIPTION
Extent viii,258p.
Other physical details PB
Dimensions 24x18cm.
365 ## - TRADE PRICE
Source of price type code Computer Application and Animation
Price type code 4032
Price amount 200.00
Currency code
Unit of pricing 250.00
Price note 20%
Price effective from 23-08-2023
520 ## - SUMMARY, ETC.
Summary, etc. 1. Introduction to Python<br/>2. Python Syntax<br/>3. Control Structures<br/>4. Python Loops<br/>5. Lists, Tuples and Dictionaries<br/>6. Functions<br/>7. String<br/>8. File Handling<br/>9. Python Objects and Their Use<br/>10. Data Visualization
650 ## - SUBJECT ADDED ENTRY--TOPICAL TERM
Topical term or geographic name entry element Python Syntax
9 (RLIN) 130918
650 ## - SUBJECT ADDED ENTRY--TOPICAL TERM
Topical term or geographic name entry element File Handling
9 (RLIN) 130919
650 ## - SUBJECT ADDED ENTRY--TOPICAL TERM
Topical term or geographic name entry element Data Visualization
9 (RLIN) 130920
650 ## - SUBJECT ADDED ENTRY--TOPICAL TERM
Topical term or geographic name entry element 3rd Sem
9 (RLIN) 130923
650 ## - SUBJECT ADDED ENTRY--TOPICAL TERM
Topical term or geographic name entry element BCA III Sem NEP
9 (RLIN) 130924
700 ## - ADDED ENTRY--PERSONAL NAME
Personal name BHARDWAJ (Sushil)
9 (RLIN) 130921
942 ## - ADDED ENTRY ELEMENTS (KOHA)
Source of classification or shelving scheme Dewey Decimal Classification
Koha item type Book
Holdings
Withdrawn status Lost status Source of classification or shelving scheme Damaged status Not for loan Collection code Home library Current library Date acquired Source of acquisition Cost, normal purchase price Total Checkouts Full call number Barcode Date last seen Date last checked out Cost, replacement price Price effective from Koha item type Date due
    Dewey Decimal Classification     Computer Applications & Animation St Aloysius Library St Aloysius Library 08/24/2023 Biblios Book Point Surathkal Mangalore 575014 200.00 1 005.133 BHAR 076675 02/05/2025 12/09/2024 250.00 08/24/2023 Book  
    Dewey Decimal Classification     Computer Applications & Animation St Aloysius Library St Aloysius Library 08/24/2023 Biblios Book Point Surathkal Mangalore 575014 200.00 2 005.133 BHAR 076676 05/22/2026 05/22/2026 250.00 08/24/2023 Book 09/19/2026
    Dewey Decimal Classification     Computer Applications & Animation St Aloysius Library St Aloysius Library 08/24/2023 Biblios Book Point Surathkal Mangalore 575014 200.00 3 005.133 BHAR 076677 04/01/2025 04/01/2025 250.00 08/24/2023 Book